| 000 | 00679cam a2200229ua 4500 | ||
|---|---|---|---|
| 020 | _a0 07 099010 7 | ||
| 041 |
_aeng _h |
||
| 082 |
_a515.9 _bSPI/TH |
||
| 100 | _aSpiegel, Murray R . | ||
| 245 |
_aTheory and problems of complex variables with an introduction to conformal mapping and its application / _cMurray R Spiegel. _hTextual Documents |
||
| 250 |
_a1 / _b. |
||
| 260 |
_aSingapore : _bMcGraw Hill Book Company , _c1981. |
||
| 300 | _a313 ; . | ||
| 440 | 0 |
_aSchaum`s outline series, _v _x; |
|
| 490 | 0 |
_aSchaum`s outline series, _v _x; |
|
| 500 | _a*CSS | ||
| 504 | _a | ||
| 942 | _cBK | ||
| 999 |
_c2660 _d2660 |
||